[Event "POL-ch PL+LU U11"]
[Site "Augustow"]
[Date "2007.10.13"]
[Round "9.4"]
[White "Gorbacz, Filip"]
[Black "Pogorzelski, Rafal"]
[Result "1-0"]
[WhiteElo "1800"]
[BlackElo "1600"]
[PlyCount "55"]
[EventDate "2007.10.08"]
[EventType "swiss"]
[EventRounds "9"]
[EventCountry "POL"]
[SourceTitle "EXT 2023"]
[Source "ChessBase"]
[SourceDate "2022.10.05"]
[SourceVersion "1"]
[SourceVersionDate "2022.10.05"]
[SourceQuality "1"]

1. e4 c5 2. Nf3 e6 3. d4 cxd4 4. Nxd4 d6 5. Nc3 Nf6 6. Be3 a6 7. Be2 Be7 8. 0-0 0-0 9. f4 Nbd7 10. Kh1 b5 11. a3 Bb7 12. Bf3 Rc8 13. Qe1 Re8 14. Qg3 Bf8 15. e5 Bxf3 16. Rxf3 dxe5 17. fxe5 Nd5 18. Nxd5 exd5 19. Nf5 Nxe5 20. Nh6+ Kh8 21. Nxf7+ Nxf7 22. Rxf7 Re7 23. Bg5 Qe8 24. Rxe7 Bxe7 25. Re1 Rxc2 26. Rxe7 Qxe7 27. Qb8+ Qf8 28. Qxf8# 1-0

[Event "POL-ch PL+LU U11"]
[Site "Augustow"]
[Date "2007.10.12"]
[Round "7.4"]
[White "Pogorzelski, Rafal"]
[Black "Trojniar, Marcin"]
[Result "0-1"]
[WhiteElo "1600"]
[BlackElo "1413"]
[PlyCount "108"]
[EventDate "2007.10.08"]
[EventType "swiss"]
[EventRounds "9"]
[EventCountry "POL"]
[SourceTitle "EXT 2023"]
[Source "ChessBase"]
[SourceDate "2022.10.05"]
[SourceVersion "1"]
[SourceVersionDate "2022.10.05"]
[SourceQuality "1"]

1. e4 e5 2. Nf3 Nc6 3. d4 exd4 4. Nxd4 Nf6 5. Nc3 Bc5 6. Be3 Nxd4 7. Bxd4 Bb4 8. Bd3 d6 9. 0-0 Be6 10. Re1 Qe7 11. a3 Ba5 12. Re2 Bb6 13. Nd5 Qd8 14. Bxb6 axb6 15. Bc4 Kf8 16. Nxf6 Bxc4 17. Nh5 Bxe2 18. Qxe2 Qe7 19. Qd3 Re8 20. Qg3 g6 21. Qc3 Qe5 22. Qxe5 Rxe5 23. Ng3 Kg7 24. Rd1 Rhe8 25. f3 Rc5 26. c3 Rb5 27. Rd2 Rb3 28. Ne2 Rb5 29. Nd4 Rbe5 30. Nb3 h5 31. Nc1 f5 32. Nd3 Ra5 33. exf5 Rd5 34. Kf2 c5 35. c4 Rd4 36. b3 gxf5 37. Re2 Rxe2+ 38. Kxe2 Kf6 39. Ne1 h4 40. Nc2 Rf4 41. Nd4 cxd4 42. Kd3 Ke5 43. a4 d5 44. Kd2 dxc4 45. bxc4 Kd6 46. Kc2 Kc6 47. Kb2 Kc5 48. Kb3 d3 49. Kc3 d2 50. Kxd2 Kxc4 51. Kc2 Kb4 52. Kd3 Kxa4 53. Ke3 b5 54. Kxf4 b4 0-1

[Event "Augustow op"]
[Site "Augustow"]
[Date "2004.??.??"]
[Round "5"]
[White "Gryglas, Kamil"]
[Black "Pogorzelski, Rafal"]
[Result "1-0"]
[WhiteElo "1400"]
[BlackElo "1400"]
[PlyCount "67"]
[EventDate "2004.08.??"]
[EventType "swiss"]
[EventRounds "9"]
[EventCountry "POL"]
[SourceTitle "EXT 2008"]
[Source "ChessBase"]
[SourceDate "2007.11.25"]
[SourceVersion "1"]
[SourceVersionDate "2007.11.25"]
[SourceQuality "1"]

1. e4 e5 2. Nf3 Nc6 3. Bc4 Nf6 4. Ng5 d5 5. exd5 Nxd5 6. Bxd5 Qxd5 7. Qf3 Be6 8. Qxd5 Bxd5 9. Nc3 Bxg2 10. Rg1 Bb4 11. Rxg2 Bxc3 12. dxc3 0-0-0 13. Nxf7 Rdf8 14. Nxh8 Rxh8 15. Rxg7 b6 16. Bg5 Kb7 17. Bf6 Rf8 18. Be7 Re8 19. Bd6 Ka6 20. Rxc7 Nd8 21. Rxh7 Nc6 22. 0-0-0 e4 23. Re1 Re6 24. Bb4 Kb5 25. a3 a5 26. Bf8 Kc4 27. f3 Rf6 28. Rxe4+ Kb5 29. c4+ Ka6 30. Rg4 Rxf8 31. Rg6 Ne5 32. Rgg7 Nc6 33. b4 Ra8 34. b5# 1-0

[Event "Augustow op"]
[Site "Augustow"]
[Date "2004.??.??"]
[Round "2"]
[White "Pogorzelski, Rafal"]
[Black "Filipkowska, Olga"]
[Result "1-0"]
[WhiteElo "1400"]
[BlackElo "1600"]
[PlyCount "105"]
[EventDate "2004.08.??"]
[EventType "swiss"]
[EventRounds "9"]
[EventCountry "POL"]
[SourceTitle "EXT 2008"]
[Source "ChessBase"]
[SourceDate "2007.11.25"]
[SourceVersion "1"]
[SourceVersionDate "2007.11.25"]
[SourceQuality "1"]

1. e4 e5 2. Nf3 d6 3. Bc4 h6 4. Nc3 Bg4 5. d3 Nc6 6. 0-0 Nd4 7. Be3 Bxf3 8. Qd2 Bh5 9. Bxd4 exd4 10. Qf4 Be7 11. Ne2 Bg5 12. Qf5 Nf6 13. Nxd4 0-0 14. e5 dxe5 15. Qxe5 Ng4 16. Qe4 Qd6 17. f4 Bg6 18. Qd5 Qxd5 19. Bxd5 Rad8 20. c4 Bf6 21. Nb5 Bxd3 22. Rfd1 Bc2 23. Rd2 Bf5 24. Nxc7 Rd7 25. Nb5 a6 26. Na3 Ne3 27. Re1 Nxd5 28. cxd5 Be7 29. Re5 Bc5+ 30. Kf1 g6 31. Nc4 Bb4 32. Rd4 b5 33. Nb6 Bc5 34. Nxd7 Bxd4 35. Re7 Bd3+ 36. Ke1 Rc8 37. d6 Bxb2 38. Ne5 Bc3+ 39. Kf2 Bd4+ 40. Kg3 Rc3 41. d7 Bf5+ 42. Kh4 Bf2+ 43. g3 Bxd7 44. Rxd7 a5 45. Rd8+ Kg7 46. Rd7 Bb6 47. Rxf7+ Kg8 48. f5 gxf5 49. Kh5 Rc5 50. Re7 Kf8 51. Ng6+ Kg8 52. Kxh6 Rc8 53. Rg7# 1-0

[Event "Augustow op"]
[Site "Augustow"]
[Date "2004.??.??"]
[Round "4"]
[White "Pogorzelski, Rafal"]
[Black "Jaskiewicz, Kamila"]
[Result "1-0"]
[WhiteElo "1400"]
[BlackElo "1250"]
[PlyCount "62"]
[EventDate "2004.08.??"]
[EventType "swiss"]
[EventRounds "9"]
[EventCountry "POL"]
[SourceTitle "EXT 2008"]
[Source "ChessBase"]
[SourceDate "2007.11.25"]
[SourceVersion "1"]
[SourceVersionDate "2007.11.25"]
[SourceQuality "1"]

1. e4 e5 2. Nf3 d6 3. Nc3 Nf6 4. Bb5+ c6 5. Bc4 Be7 6. a3 0-0 7. 0-0 h6 8. h3 Nbd7 9. d4 exd4 10. Nxd4 c5 11. Nf3 a6 12. b4 cxb4 13. axb4 b5 14. Bb3 Bb7 15. Bd5 Nxd5 16. exd5 Qb8 17. Bf4 Bf6 18. Bd2 Re8 19. Ra5 Bd8 20. Ra3 Bc7 21. Bf4 Bd8 22. Re1 Rxe1+ 23. Qxe1 Bf6 24. Qe4 Qa7 25. Bxd6 Rc8 26. Qe1 Qa8 27. Be7 Bxe7 28. Qxe7 Nb6 29. Nxb5 axb5 30. Rxa8 Rxa8 31. Qc7 Bc8 1-0

[Event "Augustow op"]
[Site "Augustow"]
[Date "2004.??.??"]
[Round "3"]
[White "Wisniewski, Dominik"]
[Black "Pogorzelski, Rafal"]
[Result "1-0"]
[WhiteElo "1600"]
[BlackElo "1400"]
[PlyCount "41"]
[EventDate "2004.08.??"]
[EventType "swiss"]
[EventRounds "9"]
[EventCountry "POL"]
[SourceTitle "EXT 2008"]
[Source "ChessBase"]
[SourceDate "2007.11.25"]
[SourceVersion "1"]
[SourceVersionDate "2007.11.25"]
[SourceQuality "1"]

1. e4 e5 2. Nf3 d6 3. h3 h6 4. Nc3 Nc6 5. d3 Nf6 6. Be3 Be6 7. d4 Be7 8. d5 Nb4 9. dxe6 fxe6 10. a3 Nc6 11. Bc4 Qd7 12. 0-0 a6 13. Qe2 b5 14. Ba2 Nh5 15. g3 Nd4 16. Bxd4 exd4 17. Nxd4 e5 18. Qxh5+ Kd8 19. Be6 Qe8 20. Qxe8+ Rxe8 21. Nc6# 1-0